| 000 | 00466cam a22001457a 4500 | ||
|---|---|---|---|
| 008 | 180718b2000 xxu||||| |||| 00| 0 eng d | ||
| 082 | _aAPPPA 1999-2000 LIB/17 | ||
| 100 | _aLiberhan, Indu | ||
| 245 |
_aE-governance in the defence: finance and accounts sector: an analysis _cby Indu Liberhan |
||
| 260 |
_aNew Delhi _bIndian Institute of Public Administration _c2000 |
||
| 300 | _a135p. | ||
| 650 | _aAPPPA | ||
| 650 | _aInternet | ||
| 650 | _aInformation technology | ||
| 999 |
_c489437 _d489437 |
||